US State 2-Letter Abbreviations Quiz - Statistics

General Stats
  • This quiz has been taken 24 times
  • The average score is 41 of 50
Answers on the Map
Answers color-coded by a green-red scale on the quiz's map according to % correct below.
 
Answer Stats
Answer % Correct
NY
100%
AL
94%
CO
94%
AK
88%
AR
88%
AZ
88%
CA
88%
DE
88%
FL
88%
GA
88%
HI
88%
IA
88%
ID
88%
IL
88%
KS
88%
NV
88%
OK
88%
OR
88%
TN
88%
TX
88%
UT
88%
CT
82%
IN
82%
KY
82%
MI
82%
MO
82%
MS
82%
NC
82%
ND
82%
NE
82%
OH
82%
PA
82%
SD
82%
VA
82%
WA
82%
WI
82%
LA
76%
NH
76%
NJ
76%
NM
76%
SC
76%
WV
76%
WY
76%
MA
71%
MD
71%
ME
71%
MN
71%
RI
71%
VT
71%
MT
65%
No matching quizzes found
Score Distribution
Percent of People with Each Score
Percentile by Number Answered
Your Score History
You have not taken this quiz